000 00733nam a2200229Ia 4500
003 GCL
005 20240530101910.0
008 140319s9999 xx 000 0 ara d
040 _aGCL /
_cGCL
082 0 4 _a810.971
_bع ر
100 1 _aاحمد ابوعصيدة البجائى
245 1 0 _aرسالة الغريب الى الحبيب /
_cاحمد ابوعصيدة البجائى
260 _a[S.N] :
_bدار الغرب الاسلامى ،
_c1993
300 _a108 ص
650 0 4 _aالشعر العربى
650 0 4 _aالادب العربى
650 0 4 _aالشعر الغزلى
650 0 4 _aالجزائر
650 0 4 _aالادب العربى العاطفى
650 0 4 _aالمجموعات
942 _2ddc
_cBK
999 _c28557
_d28557